| 000 | 00547nam a2200217Ia 4500 | ||
|---|---|---|---|
| 005 | 20250425162833.0 | ||
| 008 | 250425s9999 xx 000 0 und d | ||
| 020 | _a9781440341557 | ||
| 041 | _aeng | ||
| 082 |
_a741.6068 _pDAV |
||
| 100 | _aDavis, Douglas | ||
| 245 | 0 |
_aCreative strategy and the business of design _cDouglas Davis |
|
| 260 |
_aNew York _bHOW Books _c2016 |
||
| 300 | _a208 páginas | ||
| 650 | _aArte comercial | ||
| 650 | _aDiseño | ||
| 650 | _aMarketing | ||
| 650 | _aPublicidad | ||
| 942 | _c01 | ||
| 010 | _a112220 | ||
| 999 |
_c237448 _d237448 |
||